000 00626nam a2200229Ia 4500
003 OSt
005 20220925215404.0
006 a|||||r|||| 00| 0
007 ta
008 220923b |||||||| |||| 00| 0 eng d
037 _cGeneral Book
040 _aRTL
_cRTL
_beng
041 _2eng
_aeng
082 _aX:97.3.N7, L5
100 _aSincleton Norman
_9282721
245 0 _aIndustrial relations procedures
260 _aLondon
_bHMSO
_c1975
300 _a85p.
_ccm.
650 _aIndustrial Relations
_9232314
942 _hX:97.3.N7, L5
_cGB
_2CC
999 _c568659
_d568659